ბათუმის შოთა რუსთაველის სახელმწიფო უნივერსიტეტის ბიბლიოთეკა

საუბარი ჰიგიენის საკითხებზე / (ბიბ.ჩანაწერი № 61979)

000 -ლიდერი
ფიქსირებული სიგრძის საკონტროლო ველი 00696nam a22001817a 4500
003 - საკონტროლო ნომრის იდენტიფიკატორი
საკონტროლო ველი Ge_BSU
005 - ბოლო ოპერაციის თარიღი და დრო
საკონტროლო ველი 20240618160800.0
008 - ფიქსირებული სიგრძის მონაცემთა ელემენტები - ზოგადი ინფორმაცია
ფიქსირებული სიგრძის საკონტროლო ველი 240618s1963 ge ||||| |||| 00| 0 geo d
041 ## - ენის კოდი
Language code of text/sound track or separate title geo
080 ## - უნივერსალური ათობითი კლასიფიკაციის ინდექსი
Universal Decimal Classification number 613 ს-96
100 ## - მთავარი ჩანაწერი - პიროვნების სახელი
Personal name სურმანიძე, რ.
9 (RLIN) 18395
245 ## - ცნობა სათაურის შესახებ
Title საუბარი ჰიგიენის საკითხებზე /
Statement of responsibility, etc რ. სურმანიძე; რედ. ლ. გელაძე.
264 ## - წარმოების, გამოცემის, დისტრიბუციის და სხვა ცნობები
გამოცემის, წარმოების, დისტრიბუციის... ადგილი ბათუმი :
გამოცემის, წარმოების, დისტრიბუციის... სახელწოდება სახელგამი,
გამოცემის, წარმოების, დისტრიბუციის... თარიღი 1963.
300 ## - ფიზიკური აღწერა
Extent 43 გვ. ;
Other physical details 17 სმ.
653 ## - INDEX TERM--UNCONTROLLED
Uncontrolled term ჰიგიენა
700 ## - ADDED ENTRY--PERSONAL NAME
Personal name გელაძე, ლ.
Relator term რედაქტორი
9 (RLIN) 22478
942 ## - ADDED ENTRY ELEMENTS (KOHA)
Source of classification or shelving scheme
Koha item type წიგნი
ეგზემპლარები
ჩამოწერის სტატუსი დაკარგული ეგზემპლარის სტატუსი კლასიფიკაციის წყარო ან თაროზე გაწყობის სქემა დაზიანების სტატუსი არ გაიცემა მუდმივი მდებარეობა (დაცვის ადგილი) ამჟამინდელი ადგილსამყოფელი თაროზე განთავსების ადგილი შეძენის თარიღი ღირებულება, შესყიდვის ნორმალური ფასი სრული შენახვის შიფრი შტრიხკოდი ბოლო ოპერაციის თარიღი ეგზემპლარის მიმდევრობითი ნომერი (კეტერი?) ფასის ძალაში შესვლის თარიღი ეგზემპლარის სახეობა საჯარო შენიშვნა
          ბათუმის შოთა რუსთაველის სახელმწიფო უნივერსიტეტის მთავარი ბიბლიოთეკა ბათუმის შოთა რუსთაველის სახელმწიფო უნივერსიტეტის მთავარი ბიბლიოთეკა წიგნსაცავი 2024-06-18 2.00 613 ს-96 68230 2024-06-18 68230 2024-06-18 წიგნი 2 ლ.